00895nam a22002417a 450000500170000001000150001702000260003203500130005803700130007108200170008410000170010124500880011826000320020627000780023830000230031650000680033965000230040765000260043065000190045694200310047599900170050695201300052320150810113302.0 aENG-113639 a9781138795655c795.00 aEN-97171 bDBAD/PUB a338.95409051 aKannan, K.P. aInterrogating inclusive growth :cby K.P. Kannanbpoverty and inequality in India / aNew DelhibRoutledge c2014 a912 Tolstoy House, 15-17 Tolstoy Marg, Connaught PlacebNew Delhie110001 axx,310p.c22cm(Hb) a Includes bibliographical references (pages 288-296) and index. a Equality zIndia. a UnemploymentzIndia. a Poor zIndia. 2ddccENmKANh338.95409051 c95177d95177 001040718NFICaDBADbDBADd2015-07-22eDBAD/PUBg795.00l0o338.95409051 KANpEN-97171r2015-07-22 00:00:00t1v795.00yEN